| 000 | 00808nam0a22002531 4500 | ||
|---|---|---|---|
| 001 | rc\64367 | ||
| 005 | 20250620165135.0 | ||
| 010 |
_a5-87322-171-5 _951000 |
||
| 035 | _a(NLR Aleph) 005339055 | ||
| 090 |
_a6673624 _c6673624 |
||
| 100 | _a20021216d1995 |||y0rusy50 ca | ||
| 101 | 0 | _arus | |
| 102 | _aRU | ||
| 105 | _ay ||||||||| | ||
| 200 | 1 |
_aАнгел _e[Роман] _fБарбара Тейлор Брэдфорд _g[Пер. с англ. Л. Садовской] |
|
| 210 |
_aМ. _cИзд. фирма "ОЛМА-пресс" _d1995 |
||
| 215 |
_a330, [2] с. _d22 |
||
| 225 | 1 | _aСерия "Золотой Купидон" | |
| 700 | 1 |
_aБрэдфорд _bБ.Т. _gБарбара Тейлор |
|
| 801 | 0 |
_aRU _bNLR _gpsbo |
|
| 801 | 1 |
_aRU _bELAR _2rusmarc |
|
| 852 |
_aNLR _j95-3/5225 |
||
| 942 | _cBOOK | ||
| 980 | _aNB | ||